[Event "European Blitz 2017"]
[Site "Katowice POL"]
[Date "2017.12.15"]
[Round "11.66"]
[White "Laurusas, Tomas"]
[Black "Walter, Szymon"]
[Result "1/2-1/2"]
[WhiteTitle "IM"]
[WhiteElo "2423"]
[BlackElo "2246"]
[WhiteFideId "12803731"]
[BlackFideId "1172590"]
[EventDate "2017.12.15"]
[EventType "swiss"]

1. d4 Nf6 2. c4 e6 3. Nf3 Bb4+ 4. Bd2 Qe7 5. g3 Nc6 6. Nc3 Bxc3 7. Bxc3 Ne4 8.
Rc1 Nxc3 9. Rxc3 d6 10. Bg2 O-O 11. O-O e5 12. d5 Nb8 13. e4 a5 14. Ne1 f5 15.
exf5 Bxf5 16. Nc2 Na6 17. Ne3 Bd7 18. b3 Rae8 19. a3 Qf6 20. Qd2 e4 21. Nc2 Nc5
22. Re3 Qh6 23. b4 axb4 24. axb4 Nd3 25. Ne1 Ne5 26. Re2 Qxd2 27. Rxd2 Nxc4 28.
Rd4 Bb5 29. Nc2 Ne5 30. Rfd1 Be2 31. R1d2 Bf3 32. Ne1 Bxg2 33. Kxg2 Nf3 34. Nxf3
exf3+ 35. Kh3 Re2 36. g4 Rxd2 37. Rxd2 Rf4 38. Rc2 Rxb4 39. Rxc7 Rd4 40. Rxb7
Rxd5 41. Kg3 Rd3 42. Kf4 h6 43. h4 d5 44. Rd7 d4 45. Ke4 Rd2 46. Kxf3 Rd1 47.
Kf4 d3 48. Ke3 Rh1 49. h5 Rh3+ 50. f3 Rh1 51. Rxd3 Re1+ 52. Kf4 Kh7 53. Rd7 Rc1
54. Rd5 Rc4+ 55. Kf5 Rc3 56. f4 Rc6 57. g5 hxg5 58. fxg5 g6+ 59. hxg6+ Rxg6 60.
Rd7+ Rg7 61. g6+ Kh6 62. Rd6 Rg8 63. Rf6 Re8 64. Rf7 Rh8 65. Ke4 1/2-1/2

[Event "European Blitz 2017"]
[Site "Katowice POL"]
[Date "2017.12.15"]
[Round "11.67"]
[White "Skliarov, Viktor"]
[Black "Piotrowski, Przemyslaw"]
[Result "1/2-1/2"]
[WhiteTitle "IM"]
[WhiteElo "2353"]
[BlackElo "2314"]
[WhiteFideId "14106736"]
[BlackFideId "1127063"]
[EventDate "2017.12.15"]
[EventType "blitz"]

1. e4 c5 2. Nf3 d6 3. d4 cxd4 4. Qxd4 Nc6 5. Bb5 Bd7 6. Bxc6 Bxc6 7. Nc3 Nf6 8.
Bg5 e6 9. O-O-O Be7 10. Rhe1 O-O 11. Kb1 Qa5 12. Qd2 Rfd8 13. Nd4 Be8 14. f4 Qc5
15. g4 h6 16. Bh4 d5 17. e5 Ne4 18. Nxe4 dxe4 19. Bxe7 Qxe7 20. Rxe4 Bc6 21. Re3
Qh4 22. Rg3 Be4 23. Qe2 Bh7 24. b3 Rac8 25. Ka1 Qe7 26. c3 Rd5 27. Kb2 Rdc5 28.
f5 exf5 29. gxf5 Rxe5 30. Qg2 Qf6 31. Rg1 g5 32. h4 Bxf5 33. hxg5 hxg5 34. Rxg5+
Bg6 35. Rg3 b5 36. a3 a5 37. Rf1 Qd6 38. b4 axb4 39. axb4 Rd5 40. Rg4 Re8 41.
Rgf4 Rde5 42. Rf6 Qc7 43. Rxg6+ fxg6 44. Qxg6+ Qg7 45. Qc2 Rg5 46. Rf2 Ree5 47.
Qb3+ Kh7 48. Rh2+ Rh5 49. Qc2+ Qg6 50. Qxg6+ Kxg6 51. Rg2+ Kf7 52. Rf2+ Ke8 53.
Rd2 Rh3 54. Nb3 Ree3 55. Rc2 Rh1 56. Nd4 Re5 57. Nc6 Rd5 58. Nd4 Rd1 59. Re2+
Kd7 60. Kc2 Ra1 61. Kb2 Rh1 62. Rg2 Rh7 63. Kb3 Re5 64. Rd2 Kc8 65. Nc6 Re3 66.
Nd4 Rh5 67. Kb2 Kb7 68. Rg2 Rh6 69. Rg7+ Kb6 70. Rg2 Reh3 71. Kb3 Rf6 72. Re2
Rd3 73. Re5 Rxd4 74. cxd4 Rf3+ 75. Kc2 Rf2+ 76. Kd3 Rb2 77. Kc3 Rb1 78. Re6+ Kc7
79. d5 Rd1 80. Rc6+ Kb7 81. Rd6 Kc7 82. Rc6+ Kb7 83. Rd6 Kc7 84. Rc6+ Kb7 85.
Rc5 Kb6 86. Rc6+ Kb7 1/2-1/2

[Event "European Blitz 2017"]
[Site "Katowice POL"]
[Date "2017.12.15"]
[Round "11.68"]
[White "Luch, Michal"]
[Black "Kukula, Pawel"]
[Result "0-1"]
[WhiteTitle "IM"]
[WhiteElo "2398"]
[BlackElo "2181"]
[WhiteFideId "1120042"]
[BlackFideId "1115081"]
[EventDate "2017.12.15"]
[EventType "blitz"]

1. d4 f5 2. g3 Nf6 3. Bg2 e6 4. c4 d6 5. Nf3 Be7 6. O-O O-O 7. Nc3 Ne4 8. Qc2
Nxc3 9. Qxc3 a5 10. b3 Nc6 11. Bb2 Bf6 12. Qd2 e5 13. Rad1 Qe8 14. dxe5 dxe5 15.
e4 f4 16. gxf4 exf4 17. e5 Be7 18. Qd5+ Kh8 19. e6 Qg6 20. Rfe1 a4 21. Qe4 Qh6
22. Rd5 axb3 23. axb3 Ra2 24. Bc1 Bh4 25. Bd2 Be7 26. Rf5 Re8 27. Bxf4 Qg6 28.
Rf7 Qxe4 29. Rxe4 Ra1+ 30. Bf1 Kg8 31. Rf5 Bf6 32. Bg5 Rxe6 33. Rxe6 Bxe6 34.
Bxf6 gxf6 35. Rf4 Bg4 0-1

[Event "European Blitz 2017"]
[Site "Katowice POL"]
[Date "2017.12.15"]
[Round "11.69"]
[White "Slabek, Grzegorz"]
[Black "Kanarek, Marcel"]
[Result "1-0"]
[BlackTitle "GM"]
[WhiteElo "1956"]
[BlackElo "2505"]
[WhiteFideId "1105531"]
[BlackFideId "1126822"]
[EventDate "2017.12.15"]
[EventType "blitz"]

1. Nf3 Nf6 2. e3 g6 3. b4 Bg7 4. Bb2 O-O 5. Be2 d6 6. d4 e5 7. O-O Nbd7 8. c4
exd4 9. Nxd4 Ne5 10. Nc3 c6 11. a4 a5 12. b5 Qc7 13. Rc1 Ned7 14. Bf3 Ne5 15.
bxc6 bxc6 16. Ncb5 Nxf3+ 17. Qxf3 cxb5 18. Qxa8 Bb7 19. cxb5 Qb6 20. Rc6 Bxc6
21. Qxc6 Qxc6 22. Nxc6 Nd5 23. Bxg7 Kxg7 24. Nxa5 Ra8 25. Nc4 Rxa4 26. Nxd6 Rb4
27. Ra1 Nc3 28. g3 Nxb5 29. Nxb5 Rxb5 30. h4 h5 31. Kg2 Rb4 32. Ra6 Rc4 33. Rb6
Ra4 34. Kf3 Rc4 35. Rd6 Rb4 36. Rd4 Rb5 37. Ke4 Kf6 38. f3 Rb1 39. Rd6+ Ke7 40.
Ra6 Rg1 41. Kf4 Rh1 42. e4 Rg1 43. e5 Rb1 44. g4 hxg4 45. fxg4 Re1 46. Ra7+ Kf8
47. h5 gxh5 48. gxh5 Kg7 49. h6+ Kg6 50. h7 Kxh7 51. Rxf7+ Kg6 52. Rf6+ Kg7 53.
Kf5 Ra1 54. Rb6 Kf7 55. Rb7+ Ke8 56. Kf6 Rf1+ 57. Ke6 Kf8 58. Rb8+ Kg7 59. Kd6
Rd1+ 60. Ke7 Ra1 61. Rb7 Ra6 62. e6 Ra8 63. Kd6+ Kf8 64. Kd7 Re8 65. Rb1 Re7+
66. Kd6 Ra7 67. Rb8+ Kg7 68. e7 Ra6+ 69. Kc5 Ra5+ 70. Kb4 Re5 71. e8=Q 1-0

[Event "European Blitz 2017"]
[Site "Katowice POL"]
[Date "2017.12.15"]
[Round "11.70"]
[White "Mis, Mieszko"]
[Black "Polivanov, Anatoliy"]
[Result "0-1"]
[BlackTitle "IM"]
[WhiteElo "2240"]
[BlackElo "2383"]
[WhiteFideId "1196448"]
[BlackFideId "14109468"]
[EventDate "2017.12.15"]
[EventType "blitz"]

1. d4 Nf6 2. Nf3 d5 3. c4 dxc4 4. e3 a6 5. Bxc4 b5 6. Bb3 e6 7. O-O Bb7 8. Qe2
Nbd7 9. Nc3 c5 10. Rd1 Bd6 11. e4 cxd4 12. e5 Bxf3 13. Qxf3 Nxe5 14. Qg3 dxc3
15. Qxg7 Rg8 16. Qh6 Nf3+ 17. Kf1 Nxh2+ 18. Ke2 Nhg4 19. Qh4 Qb6 20. f3 cxb2 21.
Bg5 bxa1=Q 22. Rxa1 Qd4 23. Rd1 Qe5+ 0-1

[Event "European Blitz 2017"]
[Site "Katowice POL"]
[Date "2017.12.15"]
[Round "11.71"]
[White "Reichmann, Hendrik"]
[Black "Karpus, Michal"]
[Result "1/2-1/2"]
[WhiteTitle "FM"]
[BlackTitle "FM"]
[WhiteElo "2337"]
[BlackElo "2328"]
[WhiteFideId "4647823"]
[BlackFideId "1174088"]
[EventDate "2017.12.15"]
[EventType "blitz"]

1. d4 Nf6 2. Bf4 g6 3. e3 Bg7 4. Nf3 O-O 5. Be2 d6 6. h3 Nbd7 7. O-O c5 8. c3 a6
9. a4 b6 10. Nbd2 Bb7 11. Bh2 Ra7 12. c4 Ne4 13. d5 Nxd2 14. Qxd2 Nf6 15. Bd3
Qa8 16. e4 Rd8 17. b4 cxb4 18. Qxb4 Nd7 19. Rab1 a5 20. Qd2 Ba6 21. Rfe1 Rc7 22.
Qe2 Rdc8 23. Nd2 Qa7 24. Rec1 Nc5 25. Bc2 Nd7 26. Bd1 Ne5 27. Bb3 Rc5 28. Kh1
Qc7 29. Bxe5 Bxe5 30. g3 b5 31. axb5 Bxb5 32. f4 Bg7 33. Kg2 Ba6 34. Ba2 a4 35.
Qd3 Qa5 36. Rc2 R5c7 37. g4 Qc5 38. Kf3 Ra8 39. h4 Bc8 40. f5 Be5 41. h5 g5 42.
Qe3 Qxe3+ 43. Kxe3 Bd7 44. Kd3 h6 45. Nf3 Bf6 46. Nd4 Rca7 47. Rcb2 Kg7 48. Rb7
Be5 49. Nc6 Bxc6 50. dxc6 Rxb7 51. cxb7 Rb8 52. Rb5 a3 53. Kc2 Kf6 54. Kb3 Bb2
55. c5 dxc5 56. Kc4 Ke5 57. Rxc5+ Kd6 58. Rb5 Kc7 59. Kd3 Rxb7 60. Rxb7+ Kxb7
61. Bxf7 Kc7 62. Ba2 Kd6 63. Ke3 Kc5 64. Kd3 Be5 65. Be6 1/2-1/2

[Event "European Blitz 2017"]
[Site "Katowice POL"]
[Date "2017.12.15"]
[Round "11.72"]
[White "Pereira, Antonio Pedro Caramez"]
[Black "Meissner, Felix"]
[Result "0-1"]
[BlackTitle "FM"]
[WhiteElo "2113"]
[BlackElo "2333"]
[WhiteFideId "1904485"]
[BlackFideId "24671827"]
[EventDate "2017.12.15"]
[EventType "blitz"]

1. Nf3 Nf6 2. c4 g6 3. g3 Bg7 4. Bg2 O-O 5. O-O d5 6. cxd5 Nxd5 7. Nc3 Nb6 8. d3
Nc6 9. Bd2 e5 10. Rc1 Nd4 11. Re1 c6 12. Ne4 Nd5 13. e3 Ne6 14. Qc2 Qe7 15. a3
a5 16. Nc5 Nxc5 17. Qxc5 Qxc5 18. Rxc5 a4 19. e4 Nc7 20. Rc2 Rd8 21. Bf1 Ne6 22.
Bc3 f6 23. h3 Bd7 24. Rd1 c5 25. Bd2 b6 26. Rb1 Bb5 27. Rc3 Be8 28. b3 axb3 29.
Rcxb3 b5 30. Be3 Bf8 31. h4 h5 32. Rc1 Nd4 33. Nxd4 cxd4 34. Bd2 Rxa3 35. Rcb1
Rxb3 36. Rxb3 b4 37. Be2 Ba4 38. Rb2 Rb8 39. Kg2 Bc6 40. Bd1 Be8 41. Bb3+ Bf7
42. f3 Bxb3 43. Rxb3 Kf7 44. Kf2 Ke6 45. Rb2 b3 46. f4 Ba3 47. Rb1 b2 48. Ke2
Rc8 49. Kd1 f5 50. fxe5 fxe4 51. dxe4 Kxe5 52. Bf4+ Kxe4 53. Kd2 Rc1 0-1

[Event "European Blitz 2017"]
[Site "Katowice POL"]
[Date "2017.12.15"]
[Round "11.73"]
[White "De Filomeno, Simone"]
[Black "Klabis, Rokas"]
[Result "0-1"]
[WhiteTitle "IM"]
[BlackTitle "FM"]
[WhiteElo "2429"]
[BlackElo "2366"]
[WhiteFideId "828688"]
[BlackFideId "12805246"]
[EventDate "2017.12.15"]
[EventType "blitz"]

1. d4 Nf6 2. Nf3 e6 3. g3 Be7 4. Bg2 d5 5. c4 O-O 6. O-O b6 7. Nc3 Bb7 8. Nd2
Nbd7 9. e4 dxe4 10. Ndxe4 Nxe4 11. Nxe4 Qc8 12. Re1 Nf6 13. Bg5 Nxe4 14. Bxe7
Re8 15. Bb4 a5 16. Bxe4 axb4 17. c5 Bxe4 18. Rxe4 Qb7 19. Re3 Red8 20. Rd3 h6
21. Qb3 bxc5 22. dxc5 Qe4 23. Rad1 Rxd3 24. Rxd3 Qe1+ 25. Kg2 Qe4+ 26. Kg1 Qe1+
27. Kg2 Qe4+ 28. Kh3 Qf5+ 29. Kg2 Qxc5 30. h4 Qc6+ 31. Kg1 Qe4 32. Re3 Qb1+ 33.
Kg2 Rxa2 34. Qxb4 Rxb2 35. Qe7 Rb8 36. Qxc7 Qb7+ 37. Qxb7 Rxb7 38. Kf3 Kf8 39.
Ra3 Ke7 40. Ra8 Kf6 41. Ra3 h5 42. Ke3 Rb5 43. Kf3 g6 44. Kf4 Rb4+ 45. Ke3 Rc4
46. Kf3 Rc7 47. Kf4 e5+ 48. Ke4 Rc4+ 49. Ke3 Rc6 50. Ke4 Ke6 51. Ke3 Kf5 52. Kf3
Rd6 53. Ke3 Rb6 54. Kf3 f6 55. Ke3 g5 56. hxg5 fxg5 57. Ra8 Rb3+ 58. Ke2 h4 59.
gxh4 gxh4 60. Rh8 Kg4 61. Kd2 Rb4 62. Ke3 Kh3 63. f3 Kg2 64. Rg8+ Kf1 65. Rg5 h3
66. Rxe5 Rh4 67. Ra5 h2 68. f4 Kg2 69. Ra1 0-1

[Event "European Blitz 2017"]
[Site "Katowice POL"]
[Date "2017.12.15"]
[Round "11.74"]
[White "Costachi, Mihnea"]
[Black "Balint, Vilmos"]
[Result "0-1"]
[WhiteTitle "IM"]
[WhiteElo "2441"]
[BlackElo "2263"]
[WhiteFideId "1217518"]
[BlackFideId "718050"]
[EventDate "2017.12.15"]
[EventType "swiss"]

1. d4 e6 2. c4 b6 3. e4 Bb4+ 4. Bd2 Bxd2+ 5. Qxd2 Bb7 6. Bd3 d6 7. Nf3 Nd7 8.
Nc3 Ne7 9. O-O Ng6 10. b4 e5 11. Rfe1 a5 12. a3 axb4 13. axb4 O-O 14. d5 Nf4 15.
Bf1 Qf6 16. Qe3 Ba6 17. g3 Ng6 18. Nd2 Qe7 19. Bd3 Bb7 20. Nb5 Nf6 21. f3 Rxa1
22. Rxa1 Ra8 23. Rxa8+ Bxa8 24. Be2 Qd8 25. Qa3 Qb8 26. Kg2 Nd7 27. Nb3 Ne7 28.
c5 bxc5 29. bxc5 Nc8 30. c6 Ndb6 31. Qa6 f5 32. Nd2 Ne7 33. Qa7 Qxa7 34. Nxa7
fxe4 35. fxe4 Nbxd5 36. exd5 Nxd5 37. Bc4 0-1

[Event "European Blitz 2017"]
[Site "Katowice POL"]
[Date "2017.12.15"]
[Round "11.75"]
[White "Putka, Verners"]
[Black "Kastelik, Adrian"]
[Result "0-1"]
[WhiteElo "2307"]
[BlackElo "2176"]
[WhiteFideId "11600659"]
[BlackFideId "1134701"]
[EventDate "2017.12.15"]
[EventType "blitz"]

1. d4 d5 2. Nf3 Nf6 3. g3 Bf5 4. Bg2 Nc6 5. O-O Nb4 6. Na3 e6 7. Ne5 Bd6 8. c3
Na6 9. Nb5 Bxe5 10. dxe5 Nd7 11. Nd4 Be4 12. f3 Bg6 13. f4 Nac5 14. f5 Bxf5 15.
Nxf5 exf5 16. Qxd5 c6 17. Qd6 g6 18. Be3 Qe7 19. Bd4 Ne6 20. Rad1 Qxd6 21. exd6
Nxd4 22. Rxd4 O-O 23. e4 fxe4 24. Rxe4 Rae8 25. Rfe1 Rxe4 26. Rxe4 Rd8 27. Re7
Nc5 28. b4 Na4 29. c4 Rxd6 30. Rxb7 Rd1+ 31. Bf1 Nb6 32. b5 cxb5 33. cxb5 Rd7
34. Rb8+ Kg7 35. a3 h5 36. Kf2 g5 37. Be2 h4 38. Bf3 Rd2+ 39. Ke3 Nc4+ 40. Ke4
Nxa3 41. gxh4 gxh4 42. h3 Rb2 43. Kf4 Rb4+ 44. Be4 Nxb5 45. Ke5 a6 46. Rb7 Rxe4+ 0-1

[Event "European Blitz 2017"]
[Site "Katowice POL"]
[Date "2017.12.15"]
[Round "11.76"]
[White "Hansen, Mads Smith"]
[Black "Mucha, Piotr"]
[Result "1/2-1/2"]
[WhiteElo "2347"]
[BlackElo "2165"]
[WhiteFideId "1400258"]
[BlackFideId "1164163"]
[EventDate "2017.12.15"]
[EventType "blitz"]

1. e4 e6 2. d4 d5 3. Nc3 Bb4 4. exd5 exd5 5. Bd3 Nc6 6. a3 Bxc3+ 7. bxc3 Nf6 8.
Bg5 h6 9. Bh4 Qd6 10. Ne2 O-O 11. O-O Na5 12. Re1 Nc4 13. Qc1 Re8 14. Bg3 Qc6
15. Qf4 Nd6 16. Bh4 Nde4 17. Qc1 g5 18. Bg3 Nxg3 19. hxg3 Bg4 20. f3 Bh5 21. g4
Bg6 22. Qd2 Re7 23. Ng3 Rae8 24. Kf2 Qd6 25. Bf5 Rxe1 26. Rxe1 Rxe1 27. Qxe1
Qxa3 28. Bxg6 fxg6 29. Qe6+ Kg7 30. Ne2 Qd6 31. Qc8 b6 32. Qa6 Qd7 33. Qxa7 Qc6
34. Qa3 Ne8 35. Qe7+ Kg8 36. Qd8 Kf7 37. f4 Nf6 38. fxg5 Ne4+ 39. Ke3 hxg5 40.
Kd3 Qc4+ 41. Ke3 Qc6 42. Kd3 Qc4+ 43. Ke3 Qc6 1/2-1/2

[Event "European Blitz 2017"]
[Site "Katowice POL"]
[Date "2017.12.15"]
[Round "11.77"]
[White "Wieczorek, Oskar"]
[Black "Montilla Carrillo, Esteban"]
[Result "1-0"]
[WhiteTitle "IM"]
[BlackTitle "FM"]
[WhiteElo "2463"]
[BlackElo "2233"]
[WhiteFideId "1133950"]
[BlackFideId "2208261"]
[EventDate "2017.12.15"]
[EventType "blitz"]

1. Nc3 d5 2. d4 Nf6 3. Bf4 Bf5 4. Qd2 c6 5. f3 e6 6. g4 Bg6 7. h4 h5 8. g5 Ng8
9. e3 Bd6 10. Nge2 Ne7 11. Bxd6 Qxd6 12. Nf4 Nd7 13. O-O-O e5 14. Nxg6 Nxg6 15.
Bh3 O-O-O 16. e4 exd4 17. Qxd4 Qf4+ 18. Kb1 Kb8 19. exd5 Qxd4 20. Rxd4 c5 21.
Re4 Nb6 22. f4 Nxh4 23. f5 Nf3 24. Re7 Nxg5 25. Bg2 h4 26. d6 Rd7 27. Rhe1 h3
28. Bh1 Rhd8 29. a4 a6 30. a5 Nc8 31. Rxd7 Rxd7 32. Re8 Rxd6 33. Nd5 b5 34. axb6
Kb7 35. Ne7+ Kxb6 36. Nxc8+ Kc7 37. Nxd6 Kxd6 38. Rg8 g6 39. fxg6 fxg6 40. Rxg6+ 1-0

[Event "European Blitz 2017"]
[Site "Katowice POL"]
[Date "2017.12.15"]
[Round "11.78"]
[White "Tomczak, Mikolaj"]
[Black "Kumala, Aleksander"]
[Result "1-0"]
[WhiteTitle "FM"]
[WhiteElo "2372"]
[BlackElo "2220"]
[WhiteFideId "1175114"]
[BlackFideId "1141880"]
[EventDate "2017.12.15"]
[EventType "blitz"]

1. d4 Nf6 2. c4 Nc6 3. Nf3 e6 4. Nc3 Bb4 5. Bd2 d6 6. a3 Bxc3 7. Bxc3 O-O 8. e3
Qe7 9. Qc2 e5 10. dxe5 Nxe5 11. Nxe5 dxe5 12. Be2 Rd8 13. O-O c6 14. b4 Bg4 15.
f3 Bh5 16. Rad1 Bg6 17. e4 Nh5 18. c5 f6 19. g3 Bf7 20. f4 Rxd1 21. Bxd1 Rd8 22.
Bf3 g6 23. fxe5 fxe5 24. Qb2 Ng7 25. Bxe5 Ne6 26. Bf6 Qe8 27. Bxd8 Qxd8 28. Qe5
Qd2 29. Bg2 Nd4 30. Qb8+ Kg7 31. Qxb7 Qa2 32. Qxa7 Ne2+ 33. Kh1 Nd4 34. Qd7 Nc2
35. h4 Ne3 36. Qd4+ Kh6 37. Qxe3+ Kg7 38. Qd4+ Kh6 39. e5 Bd5 40. Qf4+ Kg7 41.
Qf8# 1-0

[Event "European Blitz 2017"]
[Site "Katowice POL"]
[Date "2017.12.15"]
[Round "11.79"]
[White "Stauskas, Lukas"]
[Black "Ustianovich, Nazar"]
[Result "1/2-1/2"]
[BlackTitle "FM"]
[WhiteElo "2349"]
[BlackElo "2366"]
[WhiteFideId "12808148"]
[BlackFideId "14109778"]
[EventDate "2017.12.15"]
[EventType "blitz"]

1. d4 d5 2. Nf3 Nf6 3. c4 c6 4. Nc3 dxc4 5. a4 Bf5 6. e3 e6 7. Bxc4 Nbd7 8. O-O
Bb4 9. Qe2 O-O 10. Rd1 Bg6 11. Ne5 Qa5 12. Nxg6 hxg6 13. e4 e5 14. d5 Nb6 15.
dxc6 bxc6 16. Bd2 Rad8 17. Bb3 Nbd7 18. Qc4 Nc5 19. Bc2 Rd4 20. Qe2 Ne6 21. Be3
Rdd8 22. Qc4 Ng4 23. Bd2 Nd4 24. Bd3 Qc5 25. h3 Nf6 26. Be3 Qxc4 27. Bxc4 Nc2
28. Rxd8 Rxd8 29. Rc1 Nxe3 30. fxe3 Bxc3 31. Rxc3 Nxe4 32. Rc1 Rd2 33. b3 Ng3
34. Ba6 Ne2+ 35. Bxe2 Rxe2 36. Rxc6 Rxe3 37. Rc8+ Kh7 38. Rc7 Rxb3 39. Rxf7 a6
40. Re7 Rb4 41. Rxe5 Rxa4 42. Kf2 Ra3 43. Rc5 Kh6 44. Rd5 a5 45. Rb5 a4 46. Ra5
Kh7 47. Ra6 Ra2+ 48. Kg3 Kh6 49. Ra5 Ra3+ 50. Kh2 g5 51. Ra6+ Kh7 52. Kg1 Ra2
53. Kh2 Ra3 54. Kg1 Kg8 55. Ra7 Kh7 56. Ra6 Kg8 57. Ra7 Kh8 58. Kh2 Kh7 59. Ra6
Kg8 60. Ra7 Kh8 61. Kg1 Kh7 62. Ra6 Ra1+ 63. Kh2 Ra3 64. Kg1 Kg8 65. Ra7 Kf8 66.
Kh2 Kg8 67. Kg1 Kh7 68. Ra6 Ra2 69. Kh2 g6 70. Ra7+ Kh6 71. Kg1 g4 72. hxg4 Kg5
73. Ra6 Ra1+ 74. Kh2 Ra3 75. Kg1 Ra2 76. Kh2 Ra3 77. Kg1 Ra1+ 78. Kh2 Kxg4 79.
Rxg6+ Kf5 80. Ra6 a3 81. Ra8 Ke4 82. g4 Kf4 83. Ra4+ Kg5 84. Kg2 a2 85. Kh2 Kh4
86. Kg2 Kg5 87. Kh2 Kf6 88. Ra5 Kg6 89. Kg2 Kf6 90. Kh2 Kf7 91. Ra6 Kg7 92. g5
Kf7 93. Kg2 Kf8 94. Ra7 Kg8 95. Kh2 Kf8 96. Kg2 Kg8 97. g6 Kf8 98. Kh2 Kg8 99.
Kg2 Kh8 100. Kh2 Kg8 101. Kg2 Kf8 102. Kh2 1/2-1/2

[Event "European Blitz 2017"]
[Site "Katowice POL"]
[Date "2017.12.15"]
[Round "11.80"]
[White "Krzyzanowski, Marcin"]
[Black "Snihur, Piotr"]
[Result "1-0"]
[WhiteTitle "IM"]
[WhiteElo "2457"]
[BlackElo "2233"]
[WhiteFideId "1132199"]
[BlackFideId "1157191"]
[EventDate "2017.12.15"]
[EventType "blitz"]

1. e4 c5 2. Nf3 e6 3. b3 Nf6 4. e5 Nd5 5. Bb2 Nc6 6. c4 Nde7 7. h4 Qc7 8. h5 Nf5
9. Na3 Nfd4 10. Nb5 Nxb5 11. cxb5 Nb4 12. Bc4 b6 13. a3 Nd5 14. Bxd5 exd5 15. d4
Bb7 16. O-O Be7 17. Rc1 O-O 18. Qd3 Rac8 19. Nd2 d6 20. f4 dxe5 21. fxe5 Qd7 22.
Rce1 c4 23. bxc4 dxc4 24. Qg3 Qxb5 25. Bc3 Qd5 26. Ne4 Kh8 27. Rf5 Qe6 28. Rf4
Rcd8 29. h6 g6 30. Nf6 Bxf6 31. Rxf6 Qd5 32. Re2 Bc8 33. Qf4 Be6 34. Qg5 Qd7 35.
Kh2 Qe7 36. Bb4 Qd7 37. Bd6 Rg8 38. Ref2 Rc8 39. Rxf7 Qd8 40. Be7 Bxf7 41. Qf6+ 1-0

[Event "European Blitz 2017"]
[Site "Katowice POL"]
[Date "2017.12.15"]
[Round "11.81"]
[White "Paprocki, Jaroslaw"]
[Black "Sergeev, Vladimir"]
[Result "1/2-1/2"]
[BlackTitle "GM"]
[WhiteElo "2184"]
[BlackElo "2406"]
[WhiteFideId "1122274"]
[BlackFideId "14101076"]
[EventDate "2017.12.15"]
[EventType "blitz"]

1. d4 Nf6 2. c4 g6 3. g3 c5 4. d5 b5 5. cxb5 a6 6. bxa6 d6 7. Nc3 Bxa6 8. e4
Bxf1 9. Kxf1 Nbd7 10. Kg2 Bg7 11. h3 O-O 12. Nf3 Qc7 13. Rb1 Rfb8 14. Re1 Ne8
15. Qc2 Qa5 16. Bd2 Nc7 17. Re2 Nb5 18. Nxb5 Qxb5 19. Bg5 Kf8 20. a3 h6 21. Bf4
Rxa3 22. bxa3 Qxb1 23. Qa4 Qd3 24. Re1 Qb5 25. Qxb5 Rxb5 26. Nd2 g5 27. Be3 Nb6
28. Rb1 Rxb1 29. Nxb1 Na4 30. Bd2 e6 31. dxe6 fxe6 32. f4 gxf4 33. gxf4 Ke7 34.
Kf3 Bd4 35. Ke2 d5 36. e5 c4 37. Be3 Bb2 38. h4 h5 39. Bd2 Kf7 40. Bb4 Kg6 41.
Nd2 Kf5 42. Ke3 c3 43. Nb3 c2 44. Bd2 Nb6 45. Kd3 Nc4 46. Kxc2 Bxa3 47. Nd4+ Ke4
48. Nxe6 Kf5 49. Ng7+ Kg6 50. Ne6 Kf5 51. Nc7 Nb6 52. Kd3 Bc5 53. Na6 Bf2 54.
Nb4 Bxh4 55. Be3 Nc8 56. Nxd5 Bd8 57. Ke2 Ke4 58. Nf6+ Bxf6 59. exf6 Nd6 60. Bc5
Nf7 61. Be3 h4 62. Bf2 h3 63. Bg3 Kf5 64. Kf3 Kxf6 65. Kg4 Nh6+ 1/2-1/2

[Event "European Blitz 2017"]
[Site "Katowice POL"]
[Date "2017.12.15"]
[Round "11.82"]
[White "Kiratzopoulos, Efthimios"]
[Black "Kashtanov, Ruslan"]
[Result "0-1"]
[BlackTitle "IM"]
[WhiteElo "2204"]
[BlackElo "2376"]
[WhiteFideId "4207629"]
[BlackFideId "4124871"]
[EventDate "2017.12.15"]
[EventType "blitz"]

1. d4 Nf6 2. Nf3 b6 3. Bg5 Bb7 4. Nbd2 c5 5. dxc5 bxc5 6. e3 e6 7. c4 Be7 8. Be2
d6 9. O-O Nbd7 10. h3 Qb6 11. b3 a5 12. Nb1 h6 13. Bh4 g5 14. Bg3 Ne4 15. Na3 a4
16. Nb5 Nxg3 17. fxg3 Nf6 18. Nd2 axb3 19. axb3 O-O 20. Bf3 d5 21. Qc2 Rad8 22.
Rae1 Bc6 23. Be2 Rd7 24. Nf3 Qb8 25. Qb2 Bxb5 26. cxb5 d4 27. exd4 cxd4 28. Bd3
Qxg3 29. Qf2 Qxf2+ 30. Rxf2 Nd5 31. Ne5 Rb7 32. Ref1 Bd6 33. Ng4 Kg7 34. Bc4 Nf4
35. Rd2 e5 36. Nf2 f5 37. g4 fxg4 38. hxg4 Bc7 39. Ne4 Rbb8 40. Nc5 Rb6 41. Nd7
Rd8 42. Nxb6 Bxb6 43. Kh1 e4 44. Ra1 e3 45. Rdd1 d3 46. Ra6 e2 47. Rda1 Bd4 48.
Re1 d2 49. Rxe2 d1=Q+ 50. Kh2 Nxe2 51. Re6 Qg1+ 52. Kh3 Qg3# 0-1

[Event "European Blitz 2017"]
[Site "Katowice POL"]
[Date "2017.12.15"]
[Round "11.84"]
[White "Dudzinski, Pawel"]
[Black "Stenner, Patrick"]
[Result "1-0"]
[WhiteTitle "FM"]
[WhiteElo "2241"]
[BlackElo "2248"]
[WhiteFideId "1117890"]
[BlackFideId "4615760"]
[EventDate "2017.12.15"]
[EventType "swiss"]

1. e4 c6 2. d4 d5 3. exd5 cxd5 4. Bd3 Nc6 5. c3 Qc7 6. Ne2 Bg4 7. O-O e6 8. Qe1
Bd6 9. f3 Bh5 10. Qh4 Bg6 11. Bxg6 fxg6 12. Nf4 Bxf4 13. Bxf4 Qe7 14. Qf2 g5 15.
Bg3 Nf6 16. Na3 Nh5 17. Nb5 Nxg3 18. Qxg3 O-O-O 19. Rfe1 a6 20. Na3 Qf6 21. Re2
Rhe8 22. Rae1 Re7 23. b4 Nb8 24. b5 a5 25. b6 Nd7 26. Qc7# 1-0

[Event "European Blitz 2017"]
[Site "Katowice POL"]
[Date "2017.12.15"]
[Round "11.85"]
[White "Bednarczyk, Damian"]
[Black "Janik, Igor"]
[Result "0-1"]
[BlackTitle "FM"]
[WhiteElo "2227"]
[BlackElo "2413"]
[WhiteFideId "1137000"]
[BlackFideId "1159259"]
[EventDate "2017.12.15"]
[EventType "blitz"]

1. d4 d6 2. Nf3 g6 3. g3 Bg7 4. Bg2 Nf6 5. O-O O-O 6. c4 c6 7. Nc3 Bf5 8. Re1
Ne4 9. Nd2 Nxc3 10. bxc3 Na6 11. e4 Be6 12. Rb1 Rb8 13. Qc2 Qa5 14. Bb2 Nc7 15.
h3 b5 16. cxb5 Nxb5 17. Qd3 c5 18. d5 Bd7 19. Nc4 Qa4 20. f4 Nc7 21. e5 Bb5 22.
Re4 Qxa2 23. Ra1 Bxc4 24. Qxc4 Qxb2 25. Rxa7 Qc1+ 26. Kh2 Rb1 27. g4 Qg1+ 28.
Kg3 Rb2 29. Re2 Rxe2 30. Qxe2 Nxd5 0-1

[Event "European Blitz 2017"]
[Site "Katowice POL"]
[Date "2017.12.15"]
[Round "11.86"]
[White "Kahleys, Kevin"]
[Black "Babanin, Gleb"]
[Result "1-0"]
[WhiteElo "2195"]
[BlackElo "2094"]
[WhiteFideId "24669601"]
[BlackFideId "34152536"]
[EventDate "2017.12.15"]
[EventType "blitz"]

1. d4 Nf6 2. Nf3 e6 3. g3 d5 4. Bg2 c5 5. O-O cxd4 6. Nxd4 e5 7. Nf3 Bd6 8. c4
d4 9. e3 dxe3 10. Bxe3 O-O 11. Nc3 Nc6 12. Qa4 Qe7 13. Bg5 Be6 14. Rad1 Rfd8 15.
Nd2 Nd4 16. Nde4 a6 17. Nxd6 Rxd6 18. Qa3 Rad8 19. Ne4 Nxe4 20. Bxe7 Ne2+ 21.
Kh1 Rxd1 22. h3 Nxf2+ 23. Kh2 Rxf1 24. Bxf1 Nd4 25. Bxd8 Nf3+ 26. Qxf3 1-0